00627nam a2200169Ia 450000500170000000800410001702000180005808200210007610000180009724500720011526000350018730000110022244000090023394200070024299900190024995201890026820240703153648.0240126s9999 xx 000 0 und d a9788184955767 a301.15 BAX;1 R aBaxi, Mahesh. 0aNew age leadership : an open minded approach for the new generation bJaico PublishingaMumbaic2014 avi,197 aNULL cPU c274051d274051 r2024-01-26 00:00:00l0o301.15 BAX;1 RpPU2692W20h(06/07/1905)v200.00w2024-01-26yPU1040708CL00K939aMLbMLcCLd2014-12-22eSreenivasan K Vg250.00EGENGRSF1V50URupees